[Event "Krefeld op"]
[Site "Krefeld"]
[Date "2023.08.03"]
[Round "3"]
[White "Golke, Philipp"]
[Black "Roth, Jan Paul"]
[Result "1/2-1/2"]
[WhiteElo "1347"]
[BlackElo "1670"]
[PlyCount "125"]
[EventDate "2023.08.02"]
[EventType "swiss"]
[EventRounds "9"]
[EventCountry "GER"]
[SourceTitle "CBM 215 Extra"]
[Source "ChessBase"]
[SourceDate "2023.09.30"]
[SourceVersion "1"]
[SourceVersionDate "2023.09.30"]
[SourceQuality "1"]

1. e4 c5 2. Nf3 b6 3. Nc3 Bb7 4. d4 cxd4 5. Nxd4 Nc6 6. Be3 Nf6 7. f3 e6 8. Bb5 Be7 9. Nxc6 dxc6 10. Qxd8+ Rxd8 11. Bd3 0-0 12. 0-0 Rd7 13. a3 Rfd8 14. a4 Bd6 15. a5 Bc7 16. axb6 Bxb6 17. Bxb6 axb6 18. Na4 b5 19. Nc5 Rc7 20. Ra7 Rb8 21. Rfa1 Ne8 22. e5 h6 23. Be4 Kf8 24. Nxb7 Rbxb7 25. Rxb7 Rxb7 26. Bxc6 Rb6 27. Bxe8 Kxe8 28. Ra8+ Ke7 29. Rg8 g6 30. Rh8 Rc6 31. c3 h5 32. Rb8 Rc5 33. f4 Rd5 34. h3 h4 35. Rh8 Rd2 36. b4 Rc2 37. Rc8 Kd7 38. Rc5 Kd8 39. Rxb5 Rxc3 40. Rb7 Ke8 41. Rb8+ Ke7 42. Rh8 Rc4 43. Rxh4 Rxb4 44. g3 Kf8 45. Rh8+ Kg7 46. Ra8 Rb2 47. Ra7 Re2 48. Kf1 Rh2 49. h4 Rc2 50. Ra3 Kh6 51. g4 Rh2 52. Ra7 Kg7 53. f5 gxf5 54. gxf5 exf5 55. e6 Rxh4 56. Rxf7+ Kg6 57. Rf8 Re4 58. Kf2 Rxe6 59. Kf3 Ra6 60. Kf4 Ra3 61. Rg8+ Kf7 62. Rg5 Ra4+ 63. Kxf5 1/2-1/2

[Event "Goch op 26th"]
[Site "Goch"]
[Date "2015.09.03"]
[Round "1"]
[White "Rosenberger, Frank"]
[Black "Roth, Jan Paul"]
[Result "1-0"]
[WhiteElo "2044"]
[BlackElo "1723"]
[PlyCount "73"]
[EventDate "2015.09.03"]
[EventType "swiss"]
[EventRounds "7"]
[EventCountry "GER"]
[SourceTitle "EXT 2018"]
[Source "ChessBase"]
[SourceDate "2017.10.13"]
[SourceVersion "1"]
[SourceVersionDate "2017.10.13"]
[SourceQuality "1"]

1. e4 e6 2. d4 d5 3. Nc3 dxe4 4. Nxe4 Nd7 5. Nf3 Ngf6 6. Nxf6+ Nxf6 7. Bd3 Bd6 8. 0-0 b6 9. Ne5 a6 10. Qf3 Ra7 11. Bg5 Bb7 12. Qh3 h6 13. Rfe1 Qe7 14. Ng6 fxg6 15. Rxe6 Bc8 16. Rxe7+ Kxe7 17. Re1+ Kd8 18. Qh4 Rf8 19. Bxf6+ Rxf6 20. Bxg6 Bd7 21. Qh5 c5 22. d5 Kc7 23. Be8 Bc8 24. Bc6 c4 25. f3 Kb8 26. Re8 Rff7 27. Qg4 Rac7 28. Qxc4 Ka7 29. Qd3 Rfe7 30. Rxe7 Rxe7 31. g4 h5 32. c3 hxg4 33. b4 g3 34. hxg3 Re1+ 35. Kf2 Ra1 36. Qg6 Rxa2+ 37. Ke3 1-0

[Event "GER-chT U14"]
[Site "Magdeburg"]
[Date "2013.12.28"]
[Round "3.2"]
[White "Roth, Jan Paul"]
[Black "Timpel, Kaan"]
[Result "1/2-1/2"]
[WhiteElo "1466"]
[BlackElo "1044"]
[PlyCount "106"]
[EventDate "2013.12.27"]
[EventType "team-swiss"]
[EventRounds "4"]
[EventCountry "GER"]
[SourceTitle "EXT 2015"]
[Source "ChessBase"]
[SourceDate "2014.11.20"]
[SourceVersion "1"]
[SourceVersionDate "2014.11.20"]
[SourceQuality "1"]
[WhiteTeam "Rheinhausen"]
[BlackTeam "Schoeneck"]
[WhiteTeamCountry "GER"]
[BlackTeamCountry "GER"]

1. d4 c5 2. Nf3 cxd4 3. Nxd4 e5 4. Nf3 Nc6 5. c3 Be7 6. e4 Nf6 7. Bb5 Nxe4 8. Bxc6 bxc6 9. Nxe5 Ba6 10. Nd2 Nf6 11. Ndf3 0-0 12. Be3 c5 13. Nd3 c4 14. Nc1 d5 15. Ne2 Qb8 16. Qc2 Ne4 17. Ng3 Bb7 18. Nxe4 dxe4 19. Nd2 f5 20. Bd4 Qc7 21. Qa4 Bd5 22. Qb5 Rfd8 23. Qa4 Bg5 24. Qd1 Rab8 25. h4 Bh6 26. b4 cxb3 27. axb3 Bxd2+ 28. Qxd2 Rxb3 29. Qg5 Rxc3 30. 0-0 Rc4 31. Rxa7 h6 32. Qxg7+ Qxg7 33. Rxg7+ Kf8 34. Ba1 Rc6 35. Rh7 Rdd6 36. Bb2 Rg6 37. Rc1 Rxc1+ 38. Bxc1 Kg8 39. Rxh6 Rxh6 40. Bxh6 Kh7 41. Bg5 Kg6 42. g3 Kh5 43. Kf1 Bc4+ 44. Ke1 Bd3 45. Kd2 Kg4 46. Ke3 Bc2 47. Kd4 Ba4 48. Ke5 Bd7 49. Kf6 Kh5 50. Bf4 Bc8 51. Be3 Bd7 52. Ke5 Kg4 53. Kf6 Kh5 1/2-1/2

[Event "Dortmund Sparkassen op-B"]
[Site "Dortmund"]
[Date "2013.07.27"]
[Round "1"]
[White "Schmitz, Julian"]
[Black "Roth, Jan Paul"]
[Result "0-1"]
[WhiteElo "1706"]
[BlackElo "1387"]
[PlyCount "51"]
[EventDate "2013.07.27"]
[EventType "swiss"]
[EventRounds "9"]
[EventCountry "GER"]
[SourceTitle "EXT 2022"]
[Source "ChessBase"]
[SourceDate "2021.10.06"]
[SourceVersion "1"]
[SourceVersionDate "2021.10.06"]
[SourceQuality "1"]

1. e4 e6 2. d4 d5 3. exd5 exd5 4. Nf3 Bd6 5. Nc3 c6 6. Bd3 Qe7+ 7. Ne2 Bg4 8. Nd2 Qh4 9. h3 Ne7 10. Rg1 Bxe2 11. Qxe2 Qxd4 12. Nf3 Bb4+ 13. Kd1 Qf6 14. c3 Bd6 15. Re1 h6 16. Nd4 0-0 17. Qg4 Be5 18. Re3 Bxd4 19. cxd4 Ng6 20. Rg3 Re8 21. Qh5 Qxf2 22. Re3 Qxe3 23. Kc2 Nf4 24. Qf5 Qxd3+ 25. Qxd3 Nxd3 26. Kxd3 0-1